00620nam a2200193 a 450000100100000000500170001000800410002702000150006804000250008310000170010824000220012524500710014726000350021830000210025349000320027450000690030670000190037583000320039400004310620201002040637.0140219s1997 sp 000 j spa d a8433908545 aDO-SdBNPbspacBNPHU1 aShepard, Sam10aCruising paradise10aCruzando el paraíso. /cSam Shepard; traducción Mauricio Bach. aBarcelona, :bAnagrama,c1997. a263 p. ;c22 cm.1 aPanorama de narrativasv384 aIncluye datos biografícos del autor en la solapa de la portada12aBach, Mauricio 0aPanorama de narrativasn384